| Registos Bibliográficos associados ao registo de autoridade |
|
Etiqueta de registo: 00269nam 2200145 450 001 1708241 003 http://id.bnportugal.gov.pt/bib/catbnp/1708241 100 ## $a20090408d1901 k y0pory01030103ba 101 0# $ager 102 ## $aDE 105 ## $aac z 000yy 106 ## $ar 200 1# $aBerthe Marx-Goldschmidt$eRecension und Repertoir 210 #9 $aBerlin$c[s.n.],$d1901$eBerlin :$gBuchdruckerei Otto Lange) 215 ## $a20 p.$d24 cm 316 ## $aEncadernado ; Cota anterior: VM 5848 MSC 775$5PTBN: V.M. 883 317 ## $aFundação C. Gulbenkian, Fundo Viana da Mota$5PTBN: V.M. 883 327 1# $aO retrato da artista na capa$aUma nota de Leon Delgay$aUma lista do repertório de concertos (género) da pianista$aNotícias em vários jornais alemães, todas de 1901$aO programa de um ciclo de oito concertos na Bechstein-Saal (Berlim), em 1894, sob
a direcção artística de Hermann Wolff 600 #1 $aMarx-Goldschmidt,$bBerthe,$f1859-1925$2SIPOR$31370964 606 ## $aMúsicos$x[Repertórios]$2SIPOR$3813912 620 ## $dBerlim 675 ## $a78.07$vBN$zpor$31030010 712 02 $aFundação Calouste Gulbenkian$4390$310631 801 #0 $aPT$bBN$gRPC 966 ## $lBN$mMUSICA$sV.M. 883 $x6 997 ## $aBIBEOD
Etiqueta de registo: 00000nam 2200025 001 2289481 003 http://id.bnportugal.gov.pt/bib/catbnp/2289481 100 ## $a20260702d1896 m y0pory01030103ba 101 1# $apor 102 ## $aPT 105 ## $ac z 000yy 106 ## $ar 200 1# $aTerceiro concerto em que tomam parte os insignes concertistas Pablo Sarasate e Berthe
Marx-Goldschmidt e a orchestra do Theatro, sob a direcção do maestro J. Goula$eReal Theatro de S. Carlos, sexta feira, 6 de Março de 1896 210 #9 $aLisboa$cLambertini,$d1896 215 ## $a16 p.$cil.$d15 cm 225 2# $aFolheto programma$v4 307 ## $aRetrato de Juan Goula 317 ## $aConservatório Nacional$5PTBN: C.N. 921 P. 601 01 $aPortugal.$bReal Teatro de São Carlos$xEspectáculos musicais$x[Programas]$2SIPOR$31047759 606 ## $aEspectáculos musicais$x[Programas]$2SIPOR$3542303 675 ## $a78(049)$vBN$zpor$31321291 702 #1 $aSarasate,$bPablo de,$f1844-1908$4545$3138244 702 #1 $aMarx-Goldschmidt,$bBerthe,$f1859-1925$4545$31370964 702 #1 $aGoula,$bJuan,$f1843-1917$4250$31620538 712 02 $aLambertini$c(editores de música)$4650$31278094 712 01 $aPortugal.$bConservatório Nacional.$bEscola de Música$4390$31172174 801 #0 $aPT$bBN$gRPC 966 ## $lBN$mMUSICA$pConservatório Nacional$sC.N. 921 P. $x7 971 ## $cjamaral$d20260702 997 ## $aBIBEOD
Etiqueta de registo: 00000nam 2200025 001 2289475 003 http://id.bnportugal.gov.pt/bib/catbnp/2289475 100 ## $a20260702d1896 m y0pory01030103ba 101 1# $apor 102 ## $aPT 105 ## $ac z 000yy 106 ## $ar 200 1# $aSegundo concerto em que tomam parte os insignes concertistas Pablo Sarasate e Berthe
Marx-Goldschmidt e a orchestra do Theatro, sob a direcção do maestro J. Goula$eReal Theatro de S. Carlos, segunda feira, 2 de Março de 1896 210 #9 $aLisboa$cLambertini,$d1896 215 ## $a24 p.$cil.$d15 cm 225 2# $aFolheto programma$v3 307 ## $aRetrato de Berthe Marx-Goldschmidt 317 ## $aConservatório Nacional$5PTBN: C.N. 920 P. 601 01 $aPortugal.$bReal Teatro de São Carlos$xEspectáculos musicais$x[Programas]$2SIPOR$31047759 606 ## $aEspectáculos musicais$x[Programas]$2SIPOR$3542303 675 ## $a78(049)$vBN$zpor$31321291 702 #1 $aSarasate,$bPablo de,$f1844-1908$4545$3138244 702 #1 $aMarx-Goldschmidt,$bBerthe,$f1859-1925$4545$31370964 702 #1 $aGoula,$bJuan,$f1843-1917$4250$31620538 712 02 $aLambertini$c(editores de música)$4650$31278094 712 01 $aPortugal.$bConservatório Nacional.$bEscola de Música$4390$31172174 801 #0 $aPT$bBN$gRPC 966 ## $lBN$mMUSICA$pConservatório Nacional$sC.N. 920 P. $x7 971 ## $cjamaral$d20260702 997 ## $aBIBEOD
Etiqueta de registo: 00000nam 2200025 001 2289469 003 http://id.bnportugal.gov.pt/bib/catbnp/2289469 100 ## $a20260702d1896 m y0pory01030103ba 101 1# $apor 102 ## $aPT 105 ## $ac z 000yy 106 ## $ar 200 1# $aGrande concerto em que tomam parte os insignes concertistas Pablo Sarasate e Berthe
Marx-Goldschmidt e a orchestra do Theatro, sob a direcção do maestro J. Goula$eReal Theatro de S. Carlos, sexta feira, 28 de Fevereiro de 1896 210 #9 $aLisboa$cLambertini,$d1896 215 ## $a32 p.$cil.$d15 cm 225 2# $aFolheto programma$v2 307 ## $aRetrato de Pablo Sarasate 317 ## $aConservatório Nacional$5PTBN: C.N. 919 P. 601 01 $aPortugal.$bReal Teatro de São Carlos$xEspectáculos musicais$x[Programas]$2SIPOR$31047759 606 ## $aEspectáculos musicais$x[Programas]$2SIPOR$3542303 675 ## $a78(049)$vBN$zpor$31321291 702 #1 $aSarasate,$bPablo de,$f1844-1908$4545$3138244 702 #1 $aMarx-Goldschmidt,$bBerthe,$f1859-1925$4545$31370964 702 #1 $aGoula,$bJuan,$f1843-1917$4250$31620538 712 02 $aLambertini$c(editores de música)$4650$31278094 712 01 $aPortugal.$bConservatório Nacional.$bEscola de Música$4390$31172174 801 #0 $aPT$bBN$gRPC 966 ## $lBN$mMUSICA$pConservatório Nacional$sC.N. 919 P. $x7 971 ## $cjamaral$d20260702 997 ## $aBIBEOD
|
|
|